000 00604nam a2200217Ia 4500
005 20260429112053.0
008 260429s9999||||xx |||||||||||||| ||und||
020 _a9783030921736
041 _aEnglish
082 _a577.69
_bRAO
100 _aRao, Ambati Ranga
245 0 _aSustainable global resources of seaweeds, Volume 2 /
_cAmbati Ranga Rao
260 _aSwitzerland :
_bSpringer Nature,
_c2022.
300 _axxix, 650 p.; hb
440 _vVol. 2
650 _a Marine resources
650 _a Sustainability
650 _aSeaweeds
700 _a Ravishankar, Gokare A.
942 _cTB
999 _c52197
_d52197